000 00377nam a22001697a 4500
005 20180621101258.0
008 160601b xxu||||| |||| 00| 0 eng d
020 _a0-07-059856-8
041 _aeng
082 _b6628
_a658
100 _aHeinz, and weihrich
_94389
245 _aManagement
260 _bTMH
_c2005
300 _a583
650 _aManagement
_9241
942 _cBK
999 _c2316
_d2315